ARRUPE JESUIT UNIVERSITY

CORONAVIRUS -STOP THE SPREAD - CLEAN,DISINFECT,COVER

Der schandfleck, (Record no. 125599)

MARC details
000 -LEADER
fixed length control field 00598nam a2200193u 4500
001 - CONTROL NUMBER
control field 5996712
003 - CONTROL NUMBER IDENTIFIER
control field ARRUPE
005 - DATE AND TIME OF LATEST TRANSACTION
control field 20161027115344.0
008 - FIXED-LENGTH DATA ELEMENTS--GENERAL INFORMATION
fixed length control field 840426s1944 ge 000 0 ger
010 ## - LIBRARY OF CONGRESS CONTROL NUMBER
LC control number 45008838
040 ## - CATALOGING SOURCE
Original cataloging agency DLC
Transcribing agency CarP
Modifying agency DLC
050 00 - LIBRARY OF CONGRESS CALL NUMBER
Classification number PT1803.S4
300 ## - PHYSICAL DESCRIPTION
Dimensions 20 cm.
100 1# - MAIN ENTRY--PERSONAL NAME
Personal name Anzengruber, Ludwig,
Dates associated with a name 1839-1889. [from old catalog]
9 (RLIN) 27062
245 14 - TITLE STATEMENT
Title Der schandfleck,
Remainder of title eine dorfgeschichte.
Statement of responsibility, etc by Anzengruber, Ludwig
260 ## - PUBLICATION, DISTRIBUTION, ETC. (IMPRINT)
Place of publication, distribution, etc Wolfsberg
Name of publisher, distributor, etc Eduard Kaiser Verlag
Date of publication, distribution, etc no date
300 ## - PHYSICAL DESCRIPTION
Extent 290p.;
906 ## - LOCAL DATA ELEMENT F, LDF (RLIN)
a 0
b cbc
c premunv
d u
e ncip
f 19
g y-gencatlg
942 ## - ADDED ENTRY ELEMENTS (KOHA)
Source of classification or shelving scheme Library of Congress Classification
Koha item type Monograph ( Printed materials)
Holdings
Withdrawn status Lost status Source of classification or shelving scheme Damaged status Not for loan Collection code Home library Current library Shelving location Date acquired Total Checkouts Full call number Barcode Date last seen Price effective from Koha item type
    Library of Congress Classification     Main Collection ARRUPE LIBRARY ARRUPE LIBRARY Main Collection 27/10/2016   PT1803.S4 46500010770 02/07/2019 27/10/2016 Monograph ( Printed materials)

 

Arrupe Library. PO Box MP320 Mt Pleasant, Harare, Zimbabwe
263 242 745411|librarian@aju.ac.zw